| 000 | 02057cam a2200337 a 4500 | ||
|---|---|---|---|
| 001 | 15816606 | ||
| 003 | ARRUPE | ||
| 005 | 20130918160637.0 | ||
| 008 | 090714s2010 mnu b 001 0 eng | ||
| 010 | _a 2009028920 | ||
| 020 | _a9780800662745 (pbk. : alk. paper) | ||
| 020 | _a0800662741 | ||
| 035 | _a(OCoLC)ocn156832300 | ||
| 040 |
_aDLC _cDLC _dBTCTA _dBAKER _dYDXCP _dMOF _dC#P _dNLGGC _dDLC |
||
| 050 | 0 | 0 |
_aBT702 _b.C67 2009 |
| 082 | 0 | 0 |
_a233.089/96073 _222 |
| 100 | 1 |
_aCopeland, M. Shawn _q(Mary Shawn) _9639 |
|
| 245 | 1 | 0 |
_aEnfleshing freedom : _bbody, race, and being / _cM. Shawn Copeland. |
| 260 |
_aMinneapolis : _bFortress Press, _cc2010. |
||
| 300 |
_axi, 186 p. ; _c23 cm. |
||
| 490 | 1 | _aInnovations | |
| 504 | _aIncludes bibliographical references and index. | ||
| 505 | 0 | _aIntroduction -- Body, race, and being -- Making a body Black : inventing race -- Skin as horizon : theorizing race and racism -- Seeing body -- Being Black -- Black body theology -- Enfleshing freedom -- Objectifying the body -- The subject of freedom -- The freedom of the subject -- enfleshing freedom--return to the clearing -- Marking the body of Jesus, the body of Christ -- Jesus and empire -- The body in the new imperial (dis)order -- Marking the (queer) flesh of Christ -- (Re)marking the flesh of the church -- Turning the subject -- A new anthropological question -- A new anthropological subject -- Solidarity -- Eschatological healing of "the body of broken bones" -- Eucharist, racism, and Black bodies -- Wounding the body of a people -- Terrorizing the body of a people -- Eucharistic solidarity : embodying Christ. | |
| 650 | 0 |
_aTheological anthropology _xChristianity. _9640 |
|
| 650 | 0 |
_aHuman body _xReligious aspects _xChristianity. _9641 |
|
| 650 | 0 |
_aAfrican American women _xReligious life. _9642 |
|
| 830 | 0 |
_aInnovations (Minneapolis, Minn.) _9643 |
|
| 906 |
_a7 _bcbc _corignew _d1 _eecip _f20 _gy-gencatlg |
||
| 942 |
_2lcc _cMONOGRAPH |
||
| 999 |
_c117899 _d117899 |
||